| 000 | 00571nam a2200169 i 4500 | ||
|---|---|---|---|
| 001 | 56307 | ||
| 003 | ES-MaACL | ||
| 007 | t| | ||
| 008 | 031007s1982 sp ||||1| spa d | ||
| 245 | 0 | 0 |
_aDiccionario de informática inglés-español _b: glosario de términos informáticos. |
| 250 | _a3ª ed. corr. y aum. | ||
| 260 |
_aMadrid : _bParaninfo, _c1982. |
||
| 300 |
_a270 p. ; _c22 cm. |
||
| 500 | _aPrecede al tít.: Olivetti. Centro de formación de personal. | ||
| 710 | 2 |
_aOlivetti. _bCentro de Formación de Personal. _96029 |
|
| 852 |
_aES-MaACL _jL-4280 _bR.103992 |
||
| 999 |
_c56307 _d56307 |
||